[Event "Cairo Egyptian op"]
[Site "Cairo"]
[Date "2011.11.24"]
[Round "6"]
[White "Labib, Ibrahim Hasan"]
[Black "Abo Zekry, Mohamed"]
[Result "1-0"]
[WhiteElo "2408"]
[BlackElo "2172"]
[PlyCount "63"]
[EventDate "2011.11.19"]
[EventType "swiss"]
[EventRounds "9"]
[EventCountry "EGY"]
[SourceTitle "CBM 145 Extra"]
[Source "ChessBase"]
[SourceDate "2012.01.03"]
[SourceVersion "1"]
[SourceVersionDate "2012.01.03"]
[SourceQuality "1"]

1. e4 c6 2. d4 d5 3. e5 Bf5 4. h4 h5 5. c4 e6 6. Nc3 Nd7 7. Bg5 Qb6 8. Qd2 dxc4 9. Bxc4 Ne7 10. Nge2 Nd5 11. 0-0 f6 12. exf6 gxf6 13. Bf4 Kf7 14. Ng3 Bg6 15. Rfe1 Qb4 16. Bxd5 exd5 17. a3 Qb3 18. Qe2 Nb6 19. Qe6+ Kg7 20. Nf5+ Bxf5 21. Qxf5 Qxb2 22. Rab1 Qxc3 23. Re3 Qxd4 24. Rg3+ Kf7 25. Re1 Qe4 26. Rxe4 dxe4 27. Qg6+ Ke6 28. Qxe4+ Kd7 29. Qf5+ Ke8 30. Qe6+ Be7 31. Bd6 Nd5 32. Rg7 1-0